00377nam a22001337a 450000500170000000800410001704000070005808200180006510000130008324500320009626000420012836500550017044000180022520241209152333.0241209b ||||| |||| 00| 0 eng d cAL 223a345bBARE aBare Act aEqual Remuneration Act 1976 aNew DelhibUniversal LexisNexisc2024 2Lawa1060b58.40c₹d80.00e27%f1060/28-11-2024 aBare Act 2024